Looking beyond? (Record no. 83372)
[ view plain ]
| 000 -LEADER | |
|---|---|
| fixed length control field | 01480nam a2200325 a 4500 |
| 245 00 - TITLE STATEMENT | |
| Title | Looking beyond? |
| 260 ## - PUBLICATION, DISTRIBUTION, ETC. (IMPRINT) | |
| Place of publication | Amsterdam ; |
| -- | New York : |
| Name of publisher | Rodopi, |
| Year of publication | 2012. |
| 300 ## - PHYSICAL DESCRIPTION | |
| Number of Pages | 527 p. |
| 490 1# - SERIES STATEMENT | |
| Series statement | Currents of encounter ; |
| 505 0# - FORMATTED CONTENTS NOTE | |
| Formatted contents note | pt. 1. Philosophy : historical approaches -- pt. 2. Contemporary philosophy -- pt. 3. Philosophical theology -- pt. 4. Christian theology -- pt. 5. Politics -- pt. 6. Art. |
| 650 #0 - SUBJECT ADDED ENTRY--TOPICAL TERM | |
| Topical Term | Transcendence (Philosophy) |
| 700 1# - ADDED ENTRY--PERSONAL NAME | |
| Personal name | Stoker, W. |
| Personal name | Van der Merwe, W. L. |
| 856 40 - ELECTRONIC LOCATION AND ACCESS | |
| Uniform Resource Identifier | http://site.ebrary.com/lib/rucke/Doc?id=10582819 |
No items available.
